[Event "3rd Al Ain Chess Classic"]
[Site "Al-Ain UAE"]
[Date "2014.12.19"]
[Round "1.52"]
[White "Abdyjapar, Asyl"]
[Black "Ammar, Sedrani"]
[Result "1-0"]
[WhiteTitle "IM"]
[WhiteElo "2385"]
[BlackElo "1485"]
[WhiteFideId "13800337"]
[BlackFideId "9312331"]
[EventDate "2014.12.19"]

1. d4 Nf6 2. c4 e6 3. Nc3 Bb4 4. Qc2 d5 5. cxd5 exd5 6. Nf3 O-O 7. Bg5 c5 8. e3
Nc6 9. dxc5 Bg4 10. a3 Bxc5 11. Be2 Be6 12. O-O h6 13. Bh4 Be7 14. Rfd1 Ne4 15.
Bxe7 Qxe7 16. Nxd5 Bxd5 17. Rxd5 Rac8 18. Qb3 Rfe8 19. Rad1 Rc7 20. Bb5 Rec8 21.
Bxc6 Nc5 22. Rxc5 Qxc5 23. Bd5 Qc1 24. Kf1 Qc5 25. g3 Qe7 26. Kg2 b6 27. Qd3 Rc2
28. Rd2 R2c5 29. Qf5 Re8 30. h4 Rc7 31. h5 Rc5 32. b4 Rc3 33. Rd4 Rf8 34. Be4 g6
35. hxg6 fxg6 36. Qxg6+ Qg7 37. Qe6+ Kh8 38. Rd7 1-0

[Event "3rd Al Ain Chess Classic"]
[Site "Al-Ain UAE"]
[Date "2014.12.19"]
[Round "1.53"]
[White "Harikrishnan, Samyuktha"]
[Black "Khademalsharieh, Sarasadat"]
[Result "0-1"]
[BlackTitle "WGM"]
[WhiteElo "1452"]
[BlackElo "2378"]
[WhiteFideId "25076140"]
[BlackFideId "12512214"]
[EventDate "2014.12.19"]

1. e4 e5 2. Nf3 Nc6 3. Bc4 Bc5 4. c3 Nf6 5. d3 a6 6. Bb3 d6 7. Nbd2 Ba7 8. O-O
h6 9. h3 g5 10. Nh2 Rg8 11. Kh1 Qe7 12. Nc4 g4 13. h4 Rg6 14. f4 g3 15. Nf3 Ng4
16. f5 Rg8 17. Qe2 Nf2+ 18. Rxf2 Bxf2 19. Bxh6 Rh8 20. Bg5 f6 21. Be3 Bxe3 22.
Nxe3 Qg7 23. Nd5 Nd8 24. d4 Rb8 25. Kg1 b5 26. Kf1 c6 27. Ne3 Ke7 28. Ke1 Bd7
29. Kd2 Nf7 30. Rh1 a5 31. h5 Ng5 32. Ng4 Nxf3+ 33. Qxf3 Qg5+ 34. Ne3 Be8 35.
Bd1 Bf7 36. b3 b4 37. dxe5 dxe5 38. c4 Qg8 39. Ke1 Rd8 40. Nf1 Qg5 41. Qxg3 Qc1
42. Ne3 Rxh5 43. Rxh5 Bxh5 44. Qg7+ Bf7 45. Qg3 Qd2+ 46. Kf1 Rd3 47. Qf2 Qxe3
48. Bc2 Qxf2+ 49. Kxf2 Rd2+ 50. Kf3 Rxc2 0-1

[Event "3rd Al Ain Chess Classic"]
[Site "Al-Ain UAE"]
[Date "2014.12.19"]
[Round "1.54"]
[White "Nakhbayeva, Guliskhan"]
[Black "Al- Meghbali, Ahmed"]
[Result "1-0"]
[WhiteTitle "WGM"]
[WhiteElo "2378"]
[BlackElo "1448"]
[WhiteFideId "13704788"]
[BlackFideId "9306943"]
[EventDate "2014.12.19"]

1. d4 d5 2. c4 dxc4 3. Nf3 Nf6 4. e3 Bg4 5. Bxc4 Nbd7 6. Qb3 e6 7. Qxb7 Bxf3 8.
Qxf3 Bb4+ 9. Nc3 O-O 10. O-O Re8 11. Rd1 Nb6 12. Bb5 Nfd7 13. e4 Qf6 14. Bf4 a6
15. Bc6 Ra7 16. e5 Qe7 17. Ne4 Rd8 18. a3 1-0

[Event "3rd Al Ain Chess Classic"]
[Site "Al-Ain UAE"]
[Date "2014.12.19"]
[Round "1.55"]
[White "Ali, M Alkindi"]
[Black "Mammadova, Gulnar"]
[Result "0-1"]
[BlackTitle "WGM"]
[WhiteElo "1443"]
[BlackElo "2354"]
[WhiteFideId "9312293"]
[BlackFideId "13403508"]
[EventDate "2014.12.19"]

1. d4 d5 2. c4 c6 3. Nc3 Nf6 4. Nf3 e6 5. e3 Nbd7 6. Bd3 dxc4 7. Bxc4 b5 8. Bb3
b4 9. Ne2 Bd6 10. O-O O-O 11. Ng3 Bb7 12. Re1 c5 13. Bc2 Bxg3 14. hxg3 Ne4 15.
Bd2 a5 16. Rc1 Rc8 17. a3 Qb6 18. dxc5 Ndxc5 19. Ne5 Rfd8 20. axb4 Rxd2 21. bxc5
Qc7 22. Bxe4 Rxd1 23. Rexd1 Bxe4 24. Nd7 Rd8 25. c6 Bxc6 26. Nf6+ gxf6 27. Rxd8+
Qxd8 28. Rxc6 Qd2 29. Rc8+ Kg7 30. Rb8 Qe1+ 31. Kh2 Qxf2 32. b4 axb4 33. Rxb4
Qxe3 34. Rh4 e5 35. g4 Qf4+ 36. g3 Qf2+ 37. Kh3 Qg1 38. g5 f5 0-1

[Event "3rd Al Ain Chess Classic"]
[Site "Al-Ain UAE"]
[Date "2014.12.19"]
[Round "1.56"]
[White "Abdulov, Orkhan"]
[Black "ALTaher, Saeed Tarek"]
[Result "1-0"]
[WhiteTitle "IM"]
[WhiteElo "2350"]
[BlackElo "1437"]
[WhiteFideId "13402714"]
[BlackFideId "9304045"]
[EventDate "2014.12.19"]

1. e4 e5 2. Nf3 Nc6 3. Nc3 Nf6 4. d4 Bb4 5. d5 Ne7 6. Nxe5 Nxe4 7. Qd4 Nxc3 8.
bxc3 Ba5 9. Nc4 Bb6 10. Qxg7 Ng6 11. Nxb6 axb6 12. Bd3 c6 13. Bxg6 Qe7+ 14. Kd1
Qf8 15. Qe5+ Qe7 16. Qxh8+ 1-0

[Event "3rd Al Ain Chess Classic"]
[Site "Al-Ain UAE"]
[Date "2014.12.19"]
[Round "1.57"]
[White "Alnyeyadi, Abdulla"]
[Black "Morchiashvili, Bachana"]
[Result "0-1"]
[BlackTitle "IM"]
[WhiteElo "1423"]
[BlackElo "2337"]
[WhiteFideId "9308393"]
[BlackFideId "13602535"]
[EventDate "2014.12.19"]

1. d4 Nf6 2. c4 g6 3. Nf3 Bg7 4. g3 O-O 5. Bg2 d5 6. cxd5 Nxd5 7. e3 c5 8. O-O
cxd4 9. Nxd4 Nc6 10. Ne2 Ndb4 11. Na3 Bg4 12. Qxd8 Rfxd8 13. Nc3 Rac8 14. e4 Nd4
15. h3 Be2 16. Re1 Nd3 17. Rxe2 Rxc3 18. bxc3 Nxe2+ 19. Kh2 Ndxc1 20. Rb1 b6 21.
Rb2 Bxc3 22. Rc2 Rd2 23. Rxd2 Bxd2 24. Nc4 Be1 25. f3 Bxg3+ 26. Kh1 Nxa2 0-1

[Event "3rd Al Ain Chess Classic"]
[Site "Al-Ain UAE"]
[Date "2014.12.19"]
[Round "1.58"]
[White "Mosadeghpour, Masoud"]
[Black "Al Amoudy, Saif"]
[Result "1-0"]
[WhiteElo "2337"]
[BlackElo "1421"]
[WhiteFideId "12519278"]
[BlackFideId "9308610"]
[EventDate "2014.12.19"]

1. e4 e6 2. d4 d5 3. exd5 exd5 4. Nf3 Nf6 5. Ne5 Bd6 6. Nc3 Nbd7 7. Nd3 Nb6 8.
Be2 O-O 9. Nb5 Be7 10. Bf4 Bd6 11. Nxd6 cxd6 12. O-O Re8 13. Re1 Bf5 14. Bf1
Rxe1 15. Qxe1 Ne4 16. f3 Nf6 17. Qb4 Ne8 18. Re1 Qc7 19. Qa5 Qxc2 20. Qxa7 Qc6
21. Nb4 Rxa7 22. Nxc6 Ra8 23. Ne7+ Kf8 24. Nxf5 1-0

[Event "3rd Al Ain Chess Classic"]
[Site "Al-Ain UAE"]
[Date "2014.12.19"]
[Round "1.59"]
[White "Haitham, Alkindi"]
[Black "Abdumalik, Zhansaya"]
[Result "0-1"]
[BlackTitle "WGM"]
[WhiteElo "1402"]
[BlackElo "2332"]
[WhiteFideId "9312455"]
[BlackFideId "13703544"]
[EventDate "2014.12.19"]

1. d4 Nf6 2. Bf4 g6 3. e3 Bg7 4. Nf3 O-O 5. c4 d6 6. Bd3 Nbd7 7. O-O Re8 8. d5
e5 9. dxe6 fxe6 10. Bg3 e5 11. e4 Nc5 12. Nc3 Bg4 13. h3 Bh5 14. Be2 Qd7 15. Qc2
a5 16. Rad1 Qc6 17. Rfe1 Nfxe4 18. Nxe4 Nxe4 19. Bh2 Nxf2 20. Kxf2 Qc5+ 21. Kf1
e4 22. Bg1 Qc6 23. Nh2 Rf8+ 24. Bf2 e3 25. Bf3 Bxf3 26. Nxf3 exf2 27. Kxf2 Rf4
28. b3 Raf8 29. Kg1 Qc5+ 30. Qf2 Qh5 31. Rf1 Rxf3 32. gxf3 Qxh3 33. Qg2 Qh6 34.
f4 Rxf4 35. Rxf4 Qxf4 36. Qd5+ Kh8 37. Qd2 Qg4+ 38. Kh1 Be5 39. Qd3 Kg7 40. Qd2
Qh3+ 41. Kg1 c5 42. Qg2 Bd4+ 43. Kf1 Qf5+ 44. Ke1 Bc3+ 45. Rd2 Bxd2+ 46. Kxd2
Qf7 47. Kc2 h5 48. Kb1 Kh6 49. Qd2+ g5 50. Kb2 Qf6+ 51. Ka3 h4 52. Qxa5 h3 53.
Qd2 Kh5 54. Qe2+ g4 55. Qe8+ Kh4 56. Qe1+ g3 57. Qe4+ Kg5 58. Qe3+ Qf4 59. Qe7+
Kg4 60. Qg7+ Kf3 61. Qc3+ Qe3 62. Qf6+ Kg2 63. Qb2+ Qf2 64. Qg7 h2 65. Qxb7+ Kg1
66. Qd5 h1=Q 67. Qxd6 Qa8+ 68. Qa6 Qxa6# 0-1

[Event "3rd Al Ain Chess Classic"]
[Site "Al-Ain UAE"]
[Date "2014.12.19"]
[Round "1.60"]
[White "Firouzja, Alireza"]
[Black "Al Shamisi, Hareb Nasser"]
[Result "1-0"]
[WhiteElo "2332"]
[BlackElo "1389"]
[WhiteFideId "12573981"]
[BlackFideId "9308067"]
[EventDate "2014.12.19"]

1. e4 e5 2. Nf3 Nc6 3. Bc4 Nf6 4. d3 Be7 5. O-O d6 6. c3 O-O 7. Bb3 Na5 8. Bc2
c5 9. d4 Nc6 10. d5 Nb8 11. h3 Nbd7 12. Nbd2 Re8 13. Re1 Nf8 14. Nf1 Ng6 15. Ng3
Nf4 16. Nh2 b5 17. Qf3 Nd7 18. Nf5 Bf6 19. Nxd6 Rf8 20. Ng4 Ng6 21. Nxb5 Qb6 22.
Na3 Ba6 23. Bd3 Bb7 24. Nc4 Qd8 25. Nxf6+ Nxf6 26. Bg5 h6 27. Bxf6 Qxf6 28. Qxf6
gxf6 29. Nd6 Rab8 30. Nxb7 Rxb7 31. Rab1 Rfb8 32. b3 Nf4 33. Bc4 a5 34. Rbd1 Kf8
35. g3 Nxh3+ 36. Kg2 Ng5 37. f4 Nh7 38. Rh1 Kg7 39. Rh5 exf4 40. gxf4 a4 41. Kf3 1-0

[Event "3rd Al Ain Chess Classic"]
[Site "Al-Ain UAE"]
[Date "2014.12.19"]
[Round "1.61"]
[White "Hamad Essam"]
[Black "Soumya, Swaminathan"]
[Result "0-1"]
[BlackTitle "WGM"]
[WhiteElo "1383"]
[BlackElo "2330"]
[WhiteFideId "9313397"]
[BlackFideId "5016193"]
[EventDate "2014.12.19"]

1. e4 c5 2. Nf3 d6 3. Bb5+ Nd7 4. O-O Nf6 5. Re1 g6 6. c3 a6 7. Bxd7+ Nxd7 8. d4
Bg7 9. e5 O-O 10. e6 fxe6 11. Ng5 Nb6 12. Nxe6 Bxe6 13. Rxe6 Qd7 14. Qe2 cxd4
15. Rxe7 Rae8 16. Rxe8 Rxe8 17. Qd1 Qe6 18. Bd2 Nc4 19. Na3 Nxa3 20. bxa3 dxc3
21. Be3 c2 22. Qc1 Qe5 23. Rb1 cxb1=Q 24. Qxb1 d5 25. Qxb7 Rb8 26. Qxb8+ Qxb8
27. g3 d4 0-1

[Event "3rd Al Ain Chess Classic"]
[Site "Al-Ain UAE"]
[Date "2014.12.19"]
[Round "1.62"]
[White "Vijayalakshmi, Subbaraman"]
[Black "Rashid, Shaeri"]
[Result "1-0"]
[WhiteTitle "IM"]
[WhiteElo "2329"]
[BlackElo "1377"]
[WhiteFideId "5004098"]
[BlackFideId "9308113"]
[EventDate "2014.12.19"]

1. d4 Nf6 2. c4 e6 3. Nc3 Bb4 4. Qc2 Bxc3+ 5. Qxc3 Ne4 6. Qc2 f5 7. g3 O-O 8.
Bg2 Qf6 9. Be3 d5 10. Nh3 Nc6 11. Rd1 Qe7 12. O-O dxc4 13. Qxc4 Rd8 14. Bxe4
fxe4 15. Bg5 Qf7 16. Bxd8 Nxd8 17. Nf4 Nc6 18. f3 e3 19. Rd3 Qf6 20. Rfd1 Kh8
21. Rxe3 Bd7 22. Nxe6 Bxe6 23. Rxe6 Qf5 24. d5 Rd8 25. Kg2 Qf7 26. dxc6 Rxd1 27.
cxb7 Rd8 28. Rd6 Qg8 29. Qxc7 Re8 30. e4 Qxa2 31. b8=Q Qg8 32. Rd8 Rxd8 33.
Qcxd8 Qxd8 34. Qxd8# 1-0

[Event "3rd Al Ain Chess Classic"]
[Site "Al-Ain UAE"]
[Date "2014.12.19"]
[Round "1.63"]
[White "Alur Varun"]
[Black "Lodhi, Mahmood"]
[Result "0-1"]
[BlackTitle "IM"]
[WhiteElo "1350"]
[BlackElo "2328"]
[WhiteFideId "46649123"]
[BlackFideId "7800010"]
[EventDate "2014.12.19"]

1. e4 e5 2. Nf3 Nc6 3. Bc4 Bc5 4. O-O d6 5. h3 Nf6 6. Nc3 O-O 7. d3 h6 8. Be3
Bb6 9. Re1 Be6 10. Bb3 Nd4 11. Na4 Ba5 12. c3 Nxb3 13. axb3 c5 14. b4 cxb4 15.
cxb4 Bxb4 16. Nc3 a5 17. Qc2 Nd7 18. d4 f6 19. Red1 Rc8 20. d5 Bf7 21. Qb3 Bg6
22. Nd2 Nc5 23. Bxc5 Rxc5 24. Na4 Rc8 25. Qg3 Bh5 26. Nf3 b5 27. Nc3 Bxc3 28.
bxc3 Rxc3 29. Rdc1 Qc7 30. Rcb1 b4 31. Kh2 Qc5 32. Ra2 b3 33. Rab2 a4 34. h4 Rb8
35. Nxe5 dxe5 36. f3 a3 37. Ra2 Rc2 0-1

[Event "3rd Al Ain Chess Classic"]
[Site "Al-Ain UAE"]
[Date "2014.12.19"]
[Round "1.64"]
[White "Gholami, Aryan"]
[Black "Khalifah, Khaled"]
[Result "1-0"]
[WhiteTitle "FM"]
[WhiteElo "2320"]
[BlackElo "1340"]
[WhiteFideId "12513342"]
[BlackFideId "9312552"]
[EventDate "2014.12.19"]

1. d4 Nf6 2. Nf3 e6 3. Bf4 d5 4. e3 c5 5. Nbd2 Nc6 6. c3 Qb6 7. Rb1 Nh5 8. Be5
cxd4 9. exd4 Nxe5 10. Nxe5 Nf6 11. Bd3 Bd6 12. f4 O-O 13. O-O a5 14. Rf3 Re8 15.
Rh3 Rd8 16. Bxh7+ Nxh7 17. Qh5 Bxe5 18. fxe5 Kf8 19. Qxh7 Ke7 20. Qxg7 Rf8 21.
Rf1 1-0

[Event "3rd Al Ain Chess Classic"]
[Site "Al-Ain UAE"]
[Date "2014.12.19"]
[Round "1.65"]
[White "Orujova, Najiba"]
[Black "Pourkashiyan, Atousa"]
[Result "0-1"]
[BlackTitle "WGM"]
[WhiteElo "1332"]
[BlackElo "2312"]
[WhiteFideId "13415913"]
[BlackFideId "12502014"]
[EventDate "2014.12.19"]

1. d4 Nf6 2. c4 e6 3. Nc3 Bb4 4. Bg5 h6 5. Bxf6 Qxf6 6. e3 Qd8 7. Nf3 O-O 8. Bd3
d5 9. O-O dxc4 10. Bxc4 Nd7 11. Ne4 b6 12. a3 Be7 13. Nc3 Bb7 14. d5 e5 15. Re1
a6 16. e4 Bd6 17. Qc2 Nf6 18. Rad1 Nh5 19. h3 Qf6 20. Kh1 Nf4 21. Nh2 Bc8 22.
Rg1 Bd7 23. Bf1 Bc5 24. Rd2 Bd4 25. Qd1 c6 26. dxc6 Qxc6 27. Nf3 Bxc3 28. bxc3
Be6 29. Qc2 Qc5 30. a4 Rfc8 31. Qb2 f6 32. Rc2 Qc6 33. Nd2 Qxa4 34. Rc1 Qc6 35.
Qc2 Kh8 36. Nf3 a5 37. Nd2 a4 38. Bd3 Rd8 39. Bf1 a3 40. Ra1 Rdc8 41. c4 b5 42.
c5 Qxc5 43. Qb1 b4 44. Qe1 b3 45. Nxb3 Bxb3 46. g3 Ne6 47. Be2 Nd4 48. Bd1 Bxd1
49. Qxd1 a2 0-1

[Event "3rd Al Ain Chess Classic"]
[Site "Al-Ain UAE"]
[Date "2014.12.19"]
[Round "1.66"]
[White "Kursova, Maria"]
[Black "Khaled Tarek AlTaher"]
[Result "1-0"]
[WhiteTitle "WGM"]
[WhiteElo "2305"]
[BlackElo "1286"]
[WhiteFideId "4129709"]
[BlackFideId "9307575"]
[EventDate "2014.12.19"]

1. d4 d5 2. Nf3 Nc6 3. Bf4 Nf6 4. e3 Bf5 5. c4 e6 6. Nc3 Bb4 7. Rc1 Bxc3+ 8.
Rxc3 Ne4 9. Rc1 O-O 10. h3 Nb4 11. a3 Nc6 12. Be2 Qf6 13. Bxc7 Qg6 14. g4 Bxg4
15. hxg4 Qxg4 16. Rg1 1-0

[Event "3rd Al Ain Chess Classic"]
[Site "Al-Ain UAE"]
[Date "2014.12.19"]
[Round "1.67"]
[White "Singh Gurmeher"]
[Black "Thakur, Akash"]
[Result "0-1"]
[BlackTitle "FM"]
[WhiteElo "1243"]
[BlackElo "2302"]
[WhiteFideId "25089455"]
[BlackFideId "5008514"]
[EventDate "2014.12.19"]

1. e4 e5 2. Nf3 Nc6 3. Bc4 Bc5 4. O-O Nf6 5. Nc3 d6 6. h3 h6 7. d3 g5 8. Nh2 g4
9. hxg4 Rg8 10. g5 hxg5 11. Be3 Nd4 12. Na4 Qe7 13. Nxc5 dxc5 14. Qd2 Ng4 15.
Nxg4 Bxg4 16. f3 Be6 17. Bxd4 cxd4 18. c3 O-O-O 19. cxd4 Bxc4 20. dxc4 Rxd4 21.
Qa5 Kb8 22. b3 Rgd8 23. Rac1 c5 24. Qe1 f6 25. Rf2 Rd3 26. Rfc2 Qd7 27. Rc3 Rd4
28. a3 g4 29. b4 gxf3 30. Rxf3 Qg4 31. Qf2 Rd2 32. Qf1 Qxe4 33. Re1 Qd4+ 34.
Rfe3 Rg8 35. Re2 Rd1 36. Re1 Rd2 37. Re2 Rxe2 38. Qxe2 Rg3 39. Kf2 Rxe3 40. Qxe3
Kc7 41. Qxd4 exd4 42. bxc5 Kc6 43. Ke2 Kxc5 44. Kd3 f5 45. g3 b6 46. a4 a6 47.
Ke2 Kxc4 48. a5 bxa5 49. Kd2 d3 50. Kd1 Kc3 51. Kc1 d2+ 52. Kd1 Kd3 53. g4 f4
54. g5 f3 55. g6 f2 56. g7 f1=Q# 0-1

[Event "3rd Al Ain Chess Classic"]
[Site "Al-Ain UAE"]
[Date "2014.12.19"]
[Round "1.68"]
[White "Abdulla, Khayala"]
[Black "Alali, Ali"]
[Result "1-0"]
[WhiteTitle "WIM"]
[WhiteElo "2299"]
[BlackElo "1230"]
[WhiteFideId "13401807"]
[BlackFideId "9309063"]
[EventDate "2014.12.19"]

1. e4 e5 2. Nf3 Nc6 3. Bb5 Bc5 4. c3 a6 5. Bxc6 dxc6 6. Nxe5 Qg5 7. O-O Qxe5 8.
d4 Bxd4 9. cxd4 Qe6 10. d5 cxd5 11. exd5 Qg6 12. Re1+ Ne7 13. Qe2 Qd6 14. Bf4
Qd7 15. Nc3 O-O 16. Qxe7 Qxe7 17. Rxe7 c6 18. d6 Rd8 19. d7 Bxd7 20. Bc7 Re8 21.
Rxd7 h6 22. Rad1 Kh7 23. Rxf7 Rac8 24. h4 Re6 25. Rdd7 Rg6 26. Be5 Rg8 27. Ne4
Kh8 28. f3 h5 29. Nf6 Rc8 30. Rxg7 Rxg7 31. Nxh5 Kg8 32. Bxg7 Re8 33. Nf6# 1-0

[Event "3rd Al Ain Chess Classic"]
[Site "Al-Ain UAE"]
[Date "2014.12.19"]
[Round "1.69"]
[White "Al Ali, Hamad"]
[Black "Gasimov, Parviz"]
[Result "0-1"]
[BlackTitle "CM"]
[WhiteElo "1219"]
[BlackElo "2295"]
[WhiteFideId "9310711"]
[BlackFideId "13408798"]
[EventDate "2014.12.19"]

1. e4 c5 2. Nc3 Nc6 3. g3 g6 4. Bg2 Bg7 5. f4 d6 6. Nf3 e6 7. O-O Nge7 8. d3 O-O
9. Qe1 a6 10. e5 dxe5 11. Nxe5 Nxe5 12. fxe5 Qd4+ 13. Be3 Qxe5 14. Rb1 Nf5 15.
Bf2 Qc7 16. Na4 Bd4 17. c3 Bxf2+ 18. Qxf2 Rb8 19. Qxc5 Qxc5+ 20. Nxc5 b6 21. Ne4
Ne3 22. Rf3 Nxg2 23. Kxg2 Bb7 24. Rf6 Rbd8 25. Rd1 Bxe4+ 26. dxe4 Rxd1 0-1

[Event "3rd Al Ain Chess Classic"]
[Site "Al-Ain UAE"]
[Date "2014.12.19"]
[Round "1.70"]
[White "Mohannad, Farhan"]
[Black "Sidharth Balaji Sridharan"]
[Result "1-0"]
[WhiteTitle "FM"]
[WhiteElo "2281"]
[BlackElo "1114"]
[WhiteFideId "8100918"]
[BlackFideId "45002789"]
[EventDate "2014.12.19"]

1. d4 Nf6 2. c4 e6 3. Nf3 Bb4+ 4. Nbd2 O-O 5. a3 Bxd2+ 6. Bxd2 Nc6 7. Bg5 d5 8.
e3 b6 9. cxd5 exd5 10. Bb5 Bb7 11. Rc1 Nb8 12. Bxf6 Qxf6 13. Rxc7 Bc6 14. Bxc6
Nxc6 15. Qc2 Rac8 16. Rxc8 Rxc8 17. O-O Ne7 18. Qa4 a5 19. Ne5 Qd6 20. Nd3 Qc6
21. Qxc6 Rxc6 22. Rc1 Rxc1+ 23. Nxc1 b5 24. Kf1 Kf8 25. Na2 Ke8 26. Nc3 b4 27.
axb4 axb4 28. Na2 Nc6 29. Ke2 Kd7 30. Kd2 Kc7 31. Nc1 Kb6 32. Nd3 Kb5 33. b3 h6
34. Nf4 Ne7 35. Kd3 g5 36. Ne2 f5 37. f3 Ka5 38. e4 f4 39. g3 fxg3 40. Nxg3 Kb5
41. Nh5 Kb6 42. Nf6 Kc6 43. Nxd5 Nxd5 44. exd5+ Kxd5 45. Ke3 h5 46. h3 h4 47.
Kd3 Kd6 48. Ke4 Ke6 49. d5+ Kd6 50. Kd4 Kd7 51. Kc5 Kc7 52. Kxb4 Kd6 53. Kc4 Ke5
54. Kc5 Kf4 55. d6 Kxf3 56. d7 Kg3 57. d8=Q Kxh3 58. Qxg5 Kh2 59. Qxh4+ 1-0

[Event "3rd Al Ain Chess Classic"]
[Site "Al-Ain UAE"]
[Date "2014.12.20"]
[Round "2.1"]
[White "Sagar, Shah"]
[Black "Kryvoruchko, Yuriy"]
[Result "0-1"]
[BlackTitle "GM"]
[WhiteElo "2468"]
[BlackElo "2671"]
[WhiteFideId "5022509"]
[BlackFideId "14109182"]
[EventDate "2014.12.19"]

1. d4 Nf6 2. c4 e6 3. Nf3 b6 4. g3 Bb7 5. Bg2 Be7 6. O-O O-O 7. Nc3 Ne4 8. Bd2
Bf6 9. Ne5 Nxc3 10. Bxc3 Bxg2 11. Kxg2 d6 12. Ng4 Nd7 13. e4 Be7 14. e5 dxe5 15.
Nxe5 Nxe5 16. dxe5 c6 17. Qxd8 Rfxd8 18. Rfd1 Kf8 19. f4 Ke8 20. Kf3 b5 21. cxb5
cxb5 22. Ke2 Rxd1 23. Rxd1 Rc8 24. a3 Bxa3 25. bxa3 Rxc3 26. Rb1 Rc5 27. a4 bxa4
28. Rb8+ Kd7 29. Rb7+ Rc7 30. Rb4 Kc6 31. Rxa4 Kb5 32. Ra1 a5 33. Rb1+ Ka6 34.
Kd3 a4 35. Rb8 h5 36. Ra8+ Ra7 37. Rd8 Kb5 38. Kc2 a3 39. Kb1 Rc7 40. Rd6 g6 41.
Rd8 a2+ 42. Kxa2 Rc2+ 43. Kb3 Rxh2 44. Kc3 h4 45. Rd3 h3 46. g4 Rh1 47. Kd4 h2
48. Rd2 Kc6 49. Rc2+ Kd7 50. Rd2 Ke7 51. Kd3 Ke8 52. f5 gxf5 53. gxf5 exf5 54.
Kd4 Ke7 55. Kd5 f4 0-1

[Event "3rd Al Ain Chess Classic"]
[Site "Al-Ain UAE"]
[Date "2014.12.20"]
[Round "2.2"]
[White "Kuzubov, Yuriy"]
[Black "Vishnu Prasanna, V"]
[Result "1-0"]
[WhiteTitle "GM"]
[BlackTitle "GM"]
[WhiteElo "2701"]
[BlackElo "2463"]
[WhiteFideId "14112906"]
[BlackFideId "5030692"]
[EventDate "2014.12.19"]

1. c4 Nf6 2. Nc3 c5 3. Nf3 Nc6 4. d4 cxd4 5. Nxd4 e6 6. a3 d5 7. Bf4 Bd6 8. Bxd6
Qxd6 9. cxd5 exd5 10. e3 O-O 11. Be2 Bd7 12. O-O Rfd8 13. Rc1 Rac8 14. Rc2 Ne5
15. Nf3 Nxf3+ 16. Bxf3 Be6 17. Rd2 Qb6 18. Re1 h6 19. h3 Qa5 20. Qb1 Nd7 21.
Bxd5 Rxc3 22. Bxe6 Rc7 23. Rd5 Qa4 24. Rd4 Qc6 25. Bd5 Qb6 26. Red1 Rf8 27. Rb4
Qa6 28. Qf5 Nf6 29. Bf3 Re8 30. Qf4 Rec8 31. Rd8+ 1-0

[Event "3rd Al Ain Chess Classic"]
[Site "Al-Ain UAE"]
[Date "2014.12.20"]
[Round "2.3"]
[White "Bakre, Tejas"]
[Black "Zhigalko, Sergei"]
[Result "0-1"]
[WhiteTitle "GM"]
[BlackTitle "GM"]
[WhiteElo "2454"]
[BlackElo "2672"]
[WhiteFideId "5004195"]
[BlackFideId "13502956"]
[EventDate "2014.12.19"]

1. d4 Nf6 2. Nf3 e6 3. c4 b6 4. g3 Ba6 5. b3 Bb4+ 6. Bd2 Be7 7. Nc3 O-O 8. Bg2
d5 9. cxd5 exd5 10. O-O Re8 11. Rc1 Bb7 12. Bf4 c6 13. Ne5 Nbd7 14. e4 Nf8 15.
exd5 cxd5 16. Bh3 a6 17. Na4 Bd6 18. Be3 Ne6 19. Nc6 Bxc6 20. Rxc6 b5 21. Nc5
Bxc5 22. dxc5 d4 23. Rd6 dxe3 24. Rxd8 Raxd8 25. Qc1 Nd4 26. Kg2 e2 27. Re1 Re7
28. c6 Rc7 29. Qd2 Rxc6 30. Rxe2 Rcd6 31. Re7 Nc6 32. Qe3 Nxe7 33. Qxe7 Nd5 34.
Qa7 Nc3 35. a3 g6 36. Bg4 Nb1 37. a4 h5 38. Be2 Nc3 39. Bf3 bxa4 40. Qc5 Nd1 41.
bxa4 Rd2 42. Bxd1 Rxd1 43. h4 R1d2 44. Qc7 Re8 0-1

[Event "3rd Al Ain Chess Classic"]
[Site "Al-Ain UAE"]
[Date "2014.12.20"]
[Round "2.4"]
[White "Areshchenko, Alexander"]
[Black "Das, Sayantan"]
[Result "1-0"]
[WhiteTitle "GM"]
[BlackTitle "IM"]
[WhiteElo "2666"]
[BlackElo "2444"]
[WhiteFideId "14109530"]
[BlackFideId "5034426"]
[EventDate "2014.12.19"]

1. e4 e6 2. d4 d5 3. Nc3 Bb4 4. e5 Ne7 5. a3 Bxc3+ 6. bxc3 c5 7. Qg4 cxd4 8.
Qxg7 Rg8 9. Qxh7 Qc7 10. Ne2 Nbc6 11. f4 dxc3 12. h4 Bd7 13. h5 O-O-O 14. Qd3 d4
15. h6 Kb8 16. Rb1 Bc8 17. Ng3 Rg6 18. Ne4 Rh8 19. h7 Rg7 20. Nf6 Qd8 21. g4 b6
22. Bg2 Bb7 23. Be4 Na5 24. a4 Bxe4 25. Qxe4 Nac6 26. Ba3 Kb7 27. Bxe7 Qxe7 28.
a5 Kc7 29. axb6+ axb6 30. Kf2 Qc5 31. Kg3 b5 32. Ra1 b4 33. Ra6 b3 34. cxb3 Nb8
35. Ra4 Nc6 36. Rc4 Qb6 37. Ra1 Rc8 38. h8=Q 1-0

[Event "3rd Al Ain Chess Classic"]
[Site "Al-Ain UAE"]
[Date "2014.12.20"]
[Round "2.5"]
[White "Petrosian, Tigran L."]
[Black "Pourramezanali, Amirreza"]
[Result "1-0"]
[WhiteTitle "GM"]
[BlackTitle "IM"]
[WhiteElo "2651"]
[BlackElo "2427"]
[WhiteFideId "13301616"]
[BlackFideId "12511412"]
[EventDate "2014.12.19"]

1. e4 e6 2. d3 d5 3. Nd2 Nf6 4. Ngf3 Nc6 5. Be2 Bd6 6. O-O O-O 7. b3 Nh5 8. Re1
f5 9. exd5 exd5 10. Bb2 Nf4 11. Bf1 Ng6 12. a3 a5 13. d4 f4 14. c4 Bg4 15. h3
Bh5 16. Be2 Re8 17. cxd5 Nce7 18. Qc2 Rf8 19. Qe4 Nf5 20. Ne5 Bxe2 21. Qxe2 Bxe5
22. dxe5 Qxd5 23. Rac1 Rad8 24. Nf3 c6 25. b4 axb4 26. axb4 Qd3 27. b5 Qxe2 28.
Rxe2 cxb5 29. e6 Rfe8 30. Rc5 Nd6 31. h4 h6 32. h5 Ne7 33. Rc7 b4 34. Nh4 Ndf5
35. Nxf5 Nxf5 36. Rxb7 Rb8 37. Rd7 Rb5 38. Re4 b3 39. Ra4 Rc5 40. Rb4 Rc6 41.
Rxf4 Rc2 42. Rxf5 Rxb2 43. Rff7 Re2 44. Rxg7+ Kh8 45. Rh7+ Kg8 46. Rdg7+ Kf8 47.
Rb7 Kg8 48. Rbg7+ Kf8 49. Rf7+ Kg8 50. Rhg7+ Kh8 51. e7 R8xe7 52. Rxe7 b2 53.
Rh7+ Kg8 54. Reg7+ Kf8 55. Rb7 1-0